Statistiques concernant Les films Pokémon

Cliquez ici pour prendre le quiz!

Statistiques générales

  • Ce quiz a été pris 481 fois
    (120 depuis la dernière actualisation)
  • Le résultat moyen est 8 sur 23

Statistiques - réponses

Pokemon cléDate de sortieNom du film% Correct
Mewtwo2019Mewtwo contre-attaque - Évolution
74%
Mewtwo1998Mewtwo contre-attaque
71%
Lugia1999Le pouvoir est en toi
60%
Arceus2009Arceus et le joyau de la vie
47%
Lucario2005Lucario et le mystère de Mew
38%
Manaphy2006Pokemon Ranger et le Temple des mers
36%
Entei2000Le sort des zarbi
35%
Deoxys2004La destinée de Deoxys
32%
Darkrai2007L'ascension de Darkrai
32%
Latias et Latios2002Les héros pokemon
32%
Marshadow2017Je te choisis !
29%
Hoopa2015Hoopa et le choc des légendes
28%
Zoroark2010Zoroark le maître des illusions
28%
Jirachi2003Jirachi le génie des vœux
26%
Keldeo2012Kyurem vs la lame de la justice
25%
Zeraora2018Le pouvoir est en nous
25%
Genesect2013Genesect et l'éveil de la légende
24%
Volcanion2016Volcanion et la Merveille mécanique
24%
Celebi2001Celebi, la voix de la forêt
23%
Shaymin2008Giratina et le gardien du ciel
20%
Diancie2014Diancie et le Cocon de l'annihilation
19%
Victini2011Victini et Zekrom-Reshiram
15%
Zarude2020Les Secrets de la jungle
13%

Distribution des résultats

Percentile par nombre de réponses

% des personnes avec chaque résultat

Votre développement - résultats

Vous n’avez pas pris ce quiz depuis la dernière actualisation